000 00219nam a2200097Ia 4500
008 220204s9999 xx 000 0 und d
082 _a82-3
_bKEE
100 _aCarolyn
245 0 _aMessage in the hollow oak
942 _cBK
999 _c32715
_d32715